000 00414 a2200145 4500
005 20250628142406.0
082 _a150 HIL
100 _aHILGARD E.R.
245 _aIntroduction to Psychology,
250 _a4th Ed.
260 _aNew York,
_bHarcourt, Brace & World, ING,
_c1967.
300 _axv; 685p: ill; Figure Picture, Table,
_bGlossary, Reference & Index,
_c24cm.
700 _aATKINSON, R.C.
942 _2ddc
_cBKS
999 _c6053
_d6053